000 00698nam a22002537i 4500
003 DO-SdBNP
005 20250415105629.0
007 ta
008 250415b2024 |||||||| |||| 00| 0 eng d
020 _a9789945944563
040 _aDO-SdBNP
_bspa
_cBNPHU
_erda
041 _hspa
082 _axxx
_bF316p
_222
100 1 _aFeliz Antoine, Sady
_eautor
_987079
245 1 0 _aEl pitbull y la hiena /
_cSady Feliz
264 _aSanto Domingo :
_bSoto Castillo,
_c2024.
300 _a130 páginas ;
_c20 cm
336 _ardacontent
_btexto
_2txt
337 _ardamedia
_bsin mediación
_2n
338 _ardacarrier
_bvolumen
_2nc
590 _aInventariado, 2025/DG
910 _aDG
942 _2ddc
_cLBS1
999 _c58258
_d58258